Flughäfen und Flugplätze der Schweiz - Statistiken

Allgemein
  • Dieses Quiz wurde 121 mal gespielt
  • Das Durchschnittsergebnis liegt bei 19 aus 60
Antworten auf der Karte
Die Antworten werden auf der Karte rot bzw. grün angezeigt, abhängig davon wie oft sie richtig erraten wurden.
 
Antwortstatistiken
Antwort % Korrekt
LSZH - Zürich-Kloten
99%
LSGG - Genf
94%
LSMB/LSZB - Bern-Belp
92%
LFSB - Basel-Mulhouse
90%
LSZA - Lugano-Agno
81%
LSGL - Lausanne-La Blécherette
73%
LSZW - Thun
70%
LSGS - Sion
69%
LSZR - St. Gallen-Altenrhein
69%
LSZO - Luzern-Beromünster
61%
LSMO/LSZL - Locarno
60%
LSPF - Schaffhausen
56%
LSZP - Biel-Kappelen
50%
LSMD - Dübendorf
48%
LSME - Emmen
44%
LSPH - Winterthur
42%
LSZG - Grenchen
42%
LSGY - Yverdon-Les-Bains
39%
LSMM - Meiringen
39%
LSMP - Payerne
38%
LSPO - Olten
38%
LSZS - Samedan
37%
LSGN - Neuchâtel
32%
LSMA - Alpnach
28%
LSPV - Wangen-Lachen
28%
LSZC - Buochs
28%
LSPL - Langenthal
26%
LSGK - Saanen
25%
LSPU - Münster
25%
LSZF - Birrfeld
25%
LSZM - Mollis
25%
LSZE - Bad Ragaz
24%
LSGR - Reichenbach
22%
LSTZ - Zweisimmen
22%
LSPM - Ambri
19%
LSTS - St. Stephan
18%
LSZK - Speck-Fehraltdorf
18%
LSTA - Raron
17%
LSZX - Schänis
17%
LSGB - Bex
15%
LSPN - Triengen
15%
LSPG - Kägiswil
14%
LSZN - Hausen am Albis
13%
LSZI - Fricktal-Schupfart
12%
LSZV - Sitterdorf
11%
LSGT - Gruyères
10%
LSZU - Buttwil
10%
LSPK - Hasenstrick
9%
LSZT - Lommis
9%
LSGC - Les Eplatures
8%
LSGP - La Côte
8%
LSPA - Amlikon
8%
LSPD - Dittingen
8%
LSTR - Montricher
8%
LSZJ - Courtelary
8%
LSZQ - Bressaucourt
8%
LSML - Lodrino
7%
LSTB - Bellechasse
7%
LSGE - Ecuvillens
6%
LSTO - Môtiers
6%
Keine übereinstimmenden Quizze gefunden
Verteilung der Resultate
Anzahl Personen mit jedem Resultat
Perzentil nach korrekt beantworteten Fragen
Ihre Resultats-Entwicklung
Sie haben dieses Quiz noch nicht gespielt